|
|
|
|
| LEADER |
00825nam a22002412a 4500 |
| 001 |
000337160 |
| 003 |
CZ BrMZK |
| 005 |
19980103143423.0 |
| 008 |
980103s1988 xr f cze d |
| 015 |
|
|
|a cnb000049386
|
| 035 |
|
|
|a (OCoLC)39418282
|
| 040 |
|
|
|a BOA001
|b cze
|
| 080 |
|
|
|a 55(076.5)
|2 MRF
|
| 100 |
1 |
|
|a Foldyna, Jan
|7 jn19981001205
|
| 245 |
1 |
0 |
|a Úlohy ke cvičení z geologie /
|c J. Foldyna, A. Grmela
|
| 250 |
|
|
|a 1. vyd.
|
| 260 |
|
|
|a Ostrava :
|b VŠB-Technická univerzita,
|c 1988
|
| 300 |
|
|
|a Nestr.
|
| 700 |
1 |
|
|a Grmela, Arnošt,
|d 1940-
|7 xx0018754
|
| 910 |
|
|
|a BOA001
|b TK-A-0238.004
|
| 990 |
|
|
|a BK
|
| 996 |
7 |
|
|b 2629973708
|c TK-A-0238.004
|l MZK
|r Sklad / do 24 hodin
|n 0
|w 000337160
|u 000020
|a 1
|e BOA001
|j MZK50
|s A
|
| 996 |
7 |
|
|b 2629973709
|c TK-A-0238.004
|l MZK
|r Sklad / do 24 hodin
|n 0
|w 000337160
|u 000010
|a 1
|e BOA001
|j MZK50
|s A
|